<?xml version="1.0" encoding="UTF-8"?><?xml-stylesheet type="text/xsl" href="static/style.xsl"?><OAI-PMH xmlns="http://www.openarchives.org/OAI/2.0/" xmlns:xsi="http://www.w3.org/2001/XMLSchema-instance" xsi:schemaLocation="http://www.openarchives.org/OAI/2.0/ http://www.openarchives.org/OAI/2.0/OAI-PMH.xsd"><responseDate>2026-04-14T04:07:07Z</responseDate><request verb="GetRecord" identifier="oai:www.recercat.cat:20.500.12327/265" metadataPrefix="marc">https://recercat.cat/oai/request</request><GetRecord><record><header><identifier>oai:recercat.cat:20.500.12327/265</identifier><datestamp>2025-10-22T11:19:07Z</datestamp><setSpec>com_2072_4428</setSpec><setSpec>com_2072_4427</setSpec><setSpec>col_2072_487898</setSpec></header><metadata><record xmlns="http://www.loc.gov/MARC21/slim" xmlns:dcterms="http://purl.org/dc/terms/" xmlns:xsi="http://www.w3.org/2001/XMLSchema-instance" xmlns:doc="http://www.lyncode.com/xoai" xsi:schemaLocation="http://www.loc.gov/MARC21/slim http://www.loc.gov/standards/marcxml/schema/MARC21slim.xsd">
   <leader>00925njm 22002777a 4500</leader>
   <datafield ind2=" " ind1=" " tag="042">
      <subfield code="a">dc</subfield>
   </datafield>
   <datafield ind2=" " ind1=" " tag="720">
      <subfield code="a">Iglesias, M.B.</subfield>
      <subfield code="e">author</subfield>
   </datafield>
   <datafield ind2=" " ind1=" " tag="720">
      <subfield code="a">Echeverría, G.</subfield>
      <subfield code="e">author</subfield>
   </datafield>
   <datafield ind2=" " ind1=" " tag="720">
      <subfield code="a">Viñas, I.</subfield>
      <subfield code="e">author</subfield>
   </datafield>
   <datafield ind2=" " ind1=" " tag="720">
      <subfield code="a">López, M.L.</subfield>
      <subfield code="e">author</subfield>
   </datafield>
   <datafield ind2=" " ind1=" " tag="720">
      <subfield code="a">Abadias, M.</subfield>
      <subfield code="e">author</subfield>
   </datafield>
   <datafield ind2=" " ind1=" " tag="260">
      <subfield code="c">2017-09-18</subfield>
   </datafield>
   <datafield ind2=" " ind1=" " tag="520">
      <subfield code="a">In recent years, the consumption of minimally processed fruit has increased. However, unfortunately,&#xd;
these products could be an appropriate vehicle for the transmission of foodborne pathogens. In this&#xd;
study, the antagonistic capacity of the probiotic strain Lactobacillus rhamnosus GG against a cocktail of 5&#xd;
serovars of Salmonella and 5 serovars of Listeria monocytogenes on fresh-cut pear at conditions simulating&#xd;
commercial application was assessed. Moreover, its effect on fruit quality, particularly on the volatile&#xd;
profile, was determined, during 9 days of storage at 5  C. L. monocytogenes population was reduced by&#xd;
approximately 1.8 log-units when co-inoculated with L. rhamnosus GG. However, no effect was observed&#xd;
in Salmonella. Fruit quality (soluble solids content and titratable acidity) did not change when the probiotic was present. A total of 48 volatile compounds were identified using gas chromatography. Twelve of&#xd;
the compounds allowed to discriminate L. rhamnosus GG-treated and untreated pears. Considering their&#xd;
odour descriptors, their increases could be positive in the flavour perception of L. rhamnosus GG-treated&#xd;
pear. The probiotic was able to control L. monocytogenes population on fresh-cut pear, which could be a&#xd;
vehicle of probiotic microorganisms as quality of fruit was not affected when the probiotic was present</subfield>
   </datafield>
   <datafield ind1="8" ind2=" " tag="024">
      <subfield code="a">Iglesias, M.B., G. Echeverría, I. Viñas, M.L. López, and M. Abadias. 2018. "Biopreservation Of Fresh-Cut Pear Using Lactobacillus Rhamnosus GG And Effect On Quality And Volatile Compounds". LWT 87: 581-588. Elsevier BV. doi:10.1016/j.lwt.2017.09.025.</subfield>
   </datafield>
   <datafield ind1="8" ind2=" " tag="024">
      <subfield code="a">0023-6438</subfield>
   </datafield>
   <datafield ind1="8" ind2=" " tag="024">
      <subfield code="a">http://hdl.handle.net/20.500.12327/265</subfield>
   </datafield>
   <datafield ind1="8" ind2=" " tag="024">
      <subfield code="a">https://doi.org/10.1016/j.lwt.2017.09.025</subfield>
   </datafield>
   <datafield ind2="0" ind1="0" tag="245">
      <subfield code="a">Biopreservation of fresh-cut pear using Lactobacillus rhamnosus GG and effect on quality and volatile compounds</subfield>
   </datafield>
</record></metadata></record></GetRecord></OAI-PMH>